000 00746nam a2200265Ia 4500
003 OSt
005 20221006151026.0
006 a|||||r|||| 00| 0
007 ta
008 221006b |||||||| |||| 00| 0 jpn d
020 _c¥1800
024 _a20,698
037 _bGift, Japan Foundation
_cTextual
040 _aEASL
_cEASL
_bjpn
041 _2jpn
_ajpn
082 _aX8(J):275.42.M68, K8
100 _aFURUSHIMA Toshio
_9657920
245 0 _aKinsei nihon nogyo no tenkai
260 _aTokyo
_bTokyo Daigaku Shuppankai Japan
_c1968
300 _a615p.
_ccm.
490 _v JL
650 _aJL
942 _hX8(J):275.42.M68, K8
_cTEXL
_2CC
999 _c1088784
_d1088784